Fundamentals of construction estimating and cost accounting : (Record no. 599898)
[ view plain ]
| 000 -LEADER | |
|---|---|
| fixed length control field | 00383nam a2200121Ia 4500 |
| 008 - FIXED-LENGTH DATA ELEMENTS--GENERAL INFORMATION | |
| fixed length control field | 230907s9999||||xx |||||||||||||| ||und|| |
| 082 ## - DEWEY DECIMAL CLASSIFICATION NUMBER | |
| Classification number | 692.5 |
| Author Mark | COL |
| 100 ## - MAIN ENTRY--PERSONAL NAME | |
| Personal name | Collier, Keith, |
| 9 (RLIN) | 115837 |
| 245 #0 - TITLE STATEMENT | |
| Title | Fundamentals of construction estimating and cost accounting : |
| 260 ## - PUBLICATION, DISTRIBUTION, ETC. | |
| Place of publication, distribution, etc. | Prentice-Hall, |
| Name of publisher, distributor, etc. | Englewood Cliffs, NJ : |
| Date of publication, distribution, etc. | 2014 |
| 300 ## - PHYSICAL DESCRIPTION | |
| Extent | xv, 298 p., [33] p. of plates : |
| 942 ## - ADDED ENTRY ELEMENTS (KOHA) | |
| Koha item type | Book |
| Withdrawn status | Lost status | Damaged status | Not for loan | Permanent Location | Current Location | Date acquired | Total Checkouts | Full call number | Barcode | Date last seen | Price effective from | Koha item type |
|---|---|---|---|---|---|---|---|---|---|---|---|---|
| US-Pakistan Center for Advanced Studies in Energy (USPCAS-E) | US-Pakistan Center for Advanced Studies in Energy (USPCAS-E) | 10/24/2019 | 692.5 COL | CAS-E0003997 | 09/12/2023 | 09/12/2023 | Book |
